Descaminho (Record no. 7680)

MARC details
000 -CABECERA
campo de control de longitud fija 00708nam a2200229 a 4500
001 - NÚMERO DE CONTROL
campo de control BRCA_8011
005 - FECHA Y HORA DE LA ÚLTIMA TRANSACCIÓN
campo de control 20190320210108.0
008 - DATOS DE LONGITUD FIJA--INFORMACIÓN GENERAL
campo de control de longitud fija 190314s1926----po-a###f##---#001-0#por-#
041 ## - CÓDIGO DE LENGUA
Código de lengua del texto/banda sonora o título independiente por
044 ## - CÓDIGO DEL PAÍS DE LA ENTIDAD EDITORA/PRODUCTORA
Código MARC del país po
050 #4 - SIGNATURA TOPOGRÁFICA DE LA BIBLIOTECA DEL CONGRESO
Número de clasificación PQ9261
Número de documento/Ítem .C2
-- 1926
100 1# - ENTRADA PRINCIPAL--NOMBRE DE PERSONA
Nombre de persona Cabral do Nascimento, Joao
9 (RLIN) 19899
245 10 - MENCIÓN DE TÍTULO
Título Descaminho
Mención de responsabilidad, etc. Joao Cabral do Nascimento.
260 ## - PUBLICACIÓN, DISTRIBUCIÓN, ETC.
Lugar de publicación, distribución, etc. Lisboa
Nombre del editor, distribuidor, etc. Portugalia
Fecha de publicación, distribución, etc. 1926
300 ## - DESCRIPCIÓN FÍSICA
Extensión 60 p.
Otras características físicas il.
Dimensiones 20 cm.
500 ## - NOTA GENERAL
Nota general 3140
500 ## - NOTA GENERAL
Nota general Cuatro ejemplares idénticos inventariados como un sólo libro por el Banco de México
500 ## - NOTA GENERAL
Nota general Cuatro ejemplares idénticos muy deteriorados amarrados en un solo fajo
650 14 - PUNTO DE ACCESO ADICIONAL DE MATERIA--TÉRMINO DE MATERIA
Término de materia o nombre geográfico como elemento de entrada Poesía portuguesa
9 (RLIN) 19900
902 ## - CATALOGADOR
Iniciales GFM
942 ## - ELEMENTOS DE PUNTO DE ACCESO ADICIONAL (KOHA)
Fuente del sistema de clasificación o colocación Library of Congress Classification
Tipo de ítem Koha Libros
Holdings
Estado de retiro Estado de pérdida Estado dañado No para préstamo Localización permanente Ubicación/localización actual Fecha de adquisición Número de inventario Total de préstamos Signatura topográfica completa Código de barras Fecha visto por última vez Precio válido a partir de Tipo de ítem Koha
El ejemplar forma parte de la colección y puede ser consultado según las políticas vigentes.       Biblioteca del Museo Franz Mayer (Rogerio Casas-Alatriste) Biblioteca del Museo Franz Mayer (Rogerio Casas-Alatriste) 19/03/2014 3140   PQ9261 .C2 1926 (3140) 8622 22/03/2019 22/03/2019 Libros